Hay fiesta en la argentina(1945-1950)(monografía) /

Guardado en:
Formato: Libro
Publicado: : , 1995
Materias:
Etiquetas: Agregar Etiqueta
Sin Etiquetas, Sea el primero en etiquetar este registro!
LEADER 00397nam a22001455a 4500
001 CEM.cems009119
005 20060214000000.0
008 130507s1995##################000#0#####d
003 CEMS
082 0 4 |a F982 
245 0 0 |a Hay fiesta en la argentina(1945-1950)(monografía) / 
260 |a  :  |b ,  |c 1995 
653 |a F.c. 
653 |a Historia argentina 
859 |a CEMS  |b BIB. CEMS - 11 de abril  |h F982  |i 28  |p 1377.44  |t Ej.1